00895nam a2200157 a 4500008004100000020001800041041000800059100002000067245004200087250001100129260004000140300002200180500008400202505044000286655001100726161215t2015 ag |||g |||| 00| f spa d a9789500752442 aspa1 aAllende, Isabel 3aEl amante japonés /cIsabel Allende a1a ed. aBuenos Aires:bSudamericana;c2015. a352 p.c23x16 cm. aAllende, I. (2015). El amante japonés. (1a ed.). Buenos Aires : Sudamericana. aA los veintidós años, sospechando que tenían el tiempo contado, Ichimei y Alma se atragantaron de amor para consumirlo entero, pero mientras más intentaban agotarlo, más imprudente era el deseo, y quien diga que todo fuego se apaga solo tarde o temprano, se equivoca: hay pasiones que son incendios hasta que las ahoga el destino de un zarpazo y aun así quedan brasas calientes listas para arder apenas se les da oxígeno. aNovela